[Event "CRI-ch"]
[Site "San Jose"]
[Date "2024.01.13"]
[Round "8"]
[White "Valverde Mora, Mauricio"]
[Black "Avendano Porras, Rodrigo"]
[Result "1-0"]
[WhiteElo "1872"]
[BlackElo "1844"]
[PlyCount "97"]
[EventDate "2024.01.06"]
[EventType "swiss"]
[EventRounds "9"]
[EventCountry "CRI"]
[SourceTitle "CB05_2024"]
[SourceDate "2024.01.31"]
[SourceVersion "1"]
[SourceVersionDate "2024.01.31"]
[SourceQuality "1"]

1. d4 Nf6 2. c4 g6 3. Nc3 Bg7 4. e4 d6 5. f3 0-0 6. Be3 Nc6 7. Nge2 a6 8. Qd2 Na5 9. Nc1 Nd7 10. b4 Nc6 11. Rb1 e5 12. d5 Nd4 13. N1e2 Nxe2 14. Bxe2 b6 15. 0-0 f5 16. Rfc1 Nf6 17. c5 Bd7 18. a4 Nh5 19. c6 Bc8 20. a5 bxa5 21. bxa5 Nf4 22. Bf1 g5 23. g3 fxe4 24. Nxe4 Nh3+ 25. Bxh3 Bxh3 26. Bxg5 Qe8 27. Rc3 Qg6 28. Qe2 Rf5 29. Bd2 Raf8 30. Rcb3 R5f7 31. Ng5 Bf5 32. Re1 Re7 33. Ne4 Bc8 34. Rc1 h6 35. Rc4 Qf7 36. Qd3 Qh5 37. Rcc3 Ref7 38. Qe2 Bf6 39. Rb8 Bg5 40. Rbb3 Bf5 41. g4 Bxg4 42. fxg4 Rf1+ 43. Kg2 Qh4 44. Bxg5 hxg5 45. Rh3 Qe1 46. Qxe1 Rxe1 47. Nxg5 Rd1 48. Ne6 Rff1 49. Rb8+ 1-0

[Event "CRI-ch"]
[Site "San Jose"]
[Date "2024.01.11"]
[Round "6"]
[White "Avendano Porras, Rodrigo"]
[Black "Quesada Fallas, Esteban"]
[Result "1/2-1/2"]
[WhiteElo "1844"]
[BlackElo "1654"]
[PlyCount "166"]
[EventDate "2024.01.06"]
[EventType "swiss"]
[EventRounds "9"]
[EventCountry "CRI"]
[SourceTitle "CB05_2024"]
[SourceDate "2024.01.31"]
[SourceVersion "1"]
[SourceVersionDate "2024.01.31"]
[SourceQuality "1"]

1. e4 c5 2. Nf3 d6 3. d4 cxd4 4. Nxd4 Nf6 5. Nc3 a6 6. f3 e5 7. Nb3 Be6 8. Be3 Be7 9. Qd2 Nbd7 10. g4 b5 11. g5 b4 12. Ne2 Nh5 13. 0-0-0 a5 14. Kb1 Qc7 15. f4 a4 16. Nbc1 b3 17. cxb3 axb3 18. a3 exf4 19. Bxf4 Nxf4 20. Nxf4 Rc8 21. Bd3 Bc4 22. Nd5 Bxd3+ 23. Qxd3 Qc2+ 24. Ka1 Bxg5 25. Nxb3 Qxd3 26. Rxd3 Ne5 27. Rg3 Bf6 28. Nxf6+ gxf6 29. Nd4 Ke7 30. Rb3 Rb8 31. Rc3 Rhc8 32. Rhc1 Kd7 33. Nf5 Rxc3 34. Rxc3 Rg8 35. Ne3 Ke6 36. Nd5 Rg1+ 37. Ka2 f5 38. Nc7+ Kf6 39. exf5 Kxf5 40. a4 Ke4 41. a5 Nd3 42. Rc4+ Ke5 43. a6 d5 44. Rh4 Nc1+ 45. Ka3 Nd3 46. b4 Kd6 47. Nb5+ Kc6 48. Nd4+ Kb6 49. Rh6+ Rg6 50. Rxh7 Kxa6 51. Rxf7 Rh6 52. Rf5 Nxb4 53. Kxb4 Rxh2 54. Rxd5 Rb2+ 55. Nb3 Rh2 56. Rd6+ Kb7 57. Rg6 Kc7 58. Nc5 Rb2+ 59. Nb3 Rh2 60. Kc4 Rh4+ 61. Kb5 Rh1 62. Kc5 Rh5+ 63. Kc4 Rh4+ 64. Nd4 Kd7 65. Kd5 Rh5+ 66. Kc4 Rh4 67. Ra6 Kc7 68. Rf6 Rh1 69. Kc5 Rc1+ 70. Kd5 Rd1 71. Rc6+ Kb7 72. Rc2 Kb6 73. Rc8 Kb7 74. Rh8 Kc7 75. Rh7+ Kb6 76. Rg7 Rh1 77. Rg2 Rh5+ 78. Kd6 Rh6+ 79. Ne6 Kb5 80. Rc2 Kb4 81. Rc1 Kb5 82. Re1 Kc4 83. Re5 Kd3 1/2-1/2

[Event "CRI-ch"]
[Site "San Jose"]
[Date "2024.01.10"]
[Round "5"]
[White "Diaz Charpentier, Kristel Melissa"]
[Black "Avendano Porras, Rodrigo"]
[Result "1-0"]
[WhiteElo "1951"]
[BlackElo "1844"]
[PlyCount "127"]
[EventDate "2024.01.06"]
[EventType "swiss"]
[EventRounds "9"]
[EventCountry "CRI"]
[SourceTitle "CB05_2024"]
[SourceDate "2024.01.31"]
[SourceVersion "1"]
[SourceVersionDate "2024.01.31"]
[SourceQuality "1"]

1. d4 d5 2. c4 c6 3. Nf3 Nf6 4. Nc3 dxc4 5. a4 Bf5 6. e3 e6 7. Bxc4 Bb4 8. 0-0 0-0 9. Qe2 Bg6 10. Ne5 Nbd7 11. Nxg6 hxg6 12. Rd1 Qc7 13. Bd2 a5 14. Rac1 Rac8 15. Ba2 Nb6 16. Be1 Rfd8 17. Bb3 Qe7 18. f3 e5 19. dxe5 Qxe5 20. Bg3 Qe7 21. Bh4 Rxd1+ 22. Bxd1 Qe6 23. Bf2 Re8 24. Bc2 Nbd7 25. Bb1 g5 26. Ba2 Qe7 27. Kh1 Nf8 28. Qc4 Ne6 29. g3 Rd8 30. Rc2 Rd7 31. Kg2 Qd8 32. Ne4 Nd5 33. Re2 Qe7 34. Rc2 Be1 35. Bb3 Nb6 36. Qe2 Bb4 37. Nc3 Nc5 38. Ba2 Ncxa4 39. Nxa4 Nxa4 40. e4 Nc5 41. Qc4 Nd3 42. Bb3 Ne5 43. Qe2 Qf6 44. Ba2 Qd6 45. Be3 Qg6 46. Bf2 Rd3 47. Bc4 Rd7 48. h3 b5 49. Ba2 Rd3 50. Bb1 Rxf3 51. Bd4 Rf6 52. Bxe5 Re6 53. Bc3 g4 54. hxg4 Qg5 55. Bxb4 axb4 56. Rd2 Qe5 57. Ba2 Re8 58. Qf3 Rf8 59. Bxf7+ Kh7 60. Rf2 Rd8 61. Qf5+ Qxf5 62. gxf5 c5 63. Kh3 g5 64. f6 1-0

[Event "Santa Barbara op"]
[Site "Santa Barbara"]
[Date "2023.02.18"]
[Round "4"]
[White "Bonilla Rodriguez, Andres"]
[Black "Avendano Porras, Rodrigo"]
[Result "1-0"]
[WhiteElo "1922"]
[BlackElo "1908"]
[PlyCount "89"]
[EventDate "2023.01.28"]
[EventType "swiss"]
[EventRounds "6"]
[EventCountry "CRI"]
[SourceTitle "CBM 213 Extra"]
[Source "ChessBase"]
[SourceDate "2023.05.31"]
[SourceVersion "1"]
[SourceVersionDate "2023.05.31"]
[SourceQuality "1"]

1. e4 d6 2. d4 Nf6 3. Nc3 g6 4. Nf3 Bg7 5. Be2 0-0 6. 0-0 a6 7. a4 Nc6 8. h3 e5 9. dxe5 dxe5 10. Be3 Qe7 11. Nd5 Nxd5 12. Qxd5 Be6 13. Qc5 h6 14. Qxe7 Nxe7 15. Nd2 Rfd8 16. Nc4 Nc6 17. c3 Rd7 18. Rad1 Rad8 19. Rxd7 Rxd7 20. b4 Ne7 21. b5 axb5 22. axb5 c6 23. b6 Nc8 24. Ra1 Nd6 25. Ra8+ Kh7 26. Nxd6 Rxd6 27. Ba6 Rd7 28. Ra7 Rd1+ 29. Kh2 bxa6 30. b7 Rb1 31. Bc5 Rb5 32. Bd6 Rxb7 33. Rxb7 Bc4 34. Rc7 Bb5 35. Rxf7 Kg8 36. Ra7 Bd3 37. f3 Bf6 38. g3 h5 39. Kg2 h4 40. gxh4 Bxh4 41. Bxe5 Kf8 42. Bd6+ Ke8 43. e5 Bc4 44. Bc5 Be1 45. e6 1-0

[Event "Santa Barbara op"]
[Site "Santa Barbara"]
[Date "2023.02.04"]
[Round "2"]
[White "Campos Cerdas, Jorge"]
[Black "Avendano Porras, Rodrigo"]
[Result "1/2-1/2"]
[WhiteElo "1735"]
[BlackElo "1908"]
[PlyCount "132"]
[EventDate "2023.01.28"]
[EventType "swiss"]
[EventRounds "6"]
[EventCountry "CRI"]
[SourceTitle "CBM 213 Extra"]
[Source "ChessBase"]
[SourceDate "2023.05.31"]
[SourceVersion "1"]
[SourceVersionDate "2023.05.31"]
[SourceQuality "1"]

1. e4 c5 2. c3 Nf6 3. e5 Nd5 4. Nf3 Nc6 5. d4 cxd4 6. cxd4 d6 7. Bc4 Nb6 8. Bb3 dxe5 9. dxe5 Qxd1+ 10. Bxd1 g6 11. 0-0 Bg7 12. Re1 0-0 13. Nc3 Nc4 14. Bb3 N4xe5 15. Nxe5 Bxe5 16. Bd5 Bf6 17. Bxc6 bxc6 18. Ne4 Bg7 19. Nc3 e5 20. Be3 Be6 21. b3 Rfd8 22. Rad1 Bd5 23. Na4 f5 24. Nc5 Re8 25. Na6 Re7 26. Bc5 Rd7 27. Ba3 Re8 28. Nc5 Rc7 29. Na6 Rf7 30. Bc5 Bf8 31. Bxf8 Kxf8 32. Rc1 e4 33. Nb4 Re6 34. Rc5 Rd7 35. Rec1 Kf7 36. Kf1 Rdd6 37. Ra5 Re7 38. Rac5 Ree6 39. Ra5 Rd7 40. Rac5 f4 41. Nxc6 Bxc6 42. Rxc6 Re5 43. Rc7 Ke7 44. Ke2 Ra5 45. Rxd7+ Kxd7 46. Rc2 h6 47. Kd2 Rh5 48. h3 Rg5 49. Rc4 Rxg2 50. Ke2 e3 51. Rxf4 Rxf2+ 52. Rxf2 exf2 53. Kxf2 Kd6 54. Ke3 Kd5 55. Kf4 Kd4 56. b4 Kc4 57. Ke5 Kxb4 58. Kf6 g5 59. Kg6 Ka3 60. Kxh6 Kxa2 61. Kxg5 a5 62. h4 a4 63. h5 a3 64. h6 Kb1 65. h7 a2 66. h8Q a1Q 1/2-1/2

[Event "Balmaceda Segura Memorial op"]
[Site "Santa Barbara de Heredia"]
[Date "2022.05.21"]
[Round "1"]
[White "Villalta Leiton, Nicole Tamara"]
[Black "Avendano Porras, Rodrigo"]
[Result "0-1"]
[WhiteElo "1156"]
[BlackElo "1795"]
[PlyCount "80"]
[EventDate "2022.05.21"]
[EventType "swiss"]
[EventRounds "6"]
[EventCountry "CRI"]
[SourceTitle "EXT 2024"]
[Source "ChessBase"]
[SourceDate "2023.10.10"]
[SourceVersion "1"]
[SourceVersionDate "2023.10.10"]
[SourceQuality "1"]

1. e4 c5 2. c3 Nf6 3. e5 Nd5 4. d4 cxd4 5. Bc4 Nb6 6. Bb3 dxc3 7. Nxc3 Nc6 8. Nf3 g6 9. 0-0 Bg7 10. Re1 0-0 11. h3 d6 12. e6 Bxe6 13. Bxe6 fxe6 14. Rxe6 Qd7 15. Re1 d5 16. Bg5 e5 17. Ne2 e4 18. Nfd4 Ne5 19. Nc1 Nd3 20. Nxd3 Bxd4 21. Nf4 Bxb2 22. Rb1 Bf6 23. Bxf6 Rxf6 24. Ne2 Raf8 25. Rf1 Qf7 26. Qd4 Nc4 27. Rbd1 e3 28. Ng3 Rxf2 29. Qxd5 Rxf1+ 30. Nxf1 Qxd5 31. Rxd5 e2 32. Ng3 e1Q+ 33. Kh2 Ne3 34. Re5 Nf1+ 35. Nxf1 Qxe5+ 36. Ng3 Rf2 37. h4 Rxa2 38. Kh3 Ra3 39. Kh2 Qxg3+ 40. Kg1 Ra1# 0-1

[Event "American Continental 16th"]
[Site "San Salvador"]
[Date "2022.05.09"]
[Round "10"]
[White "Avendano Porras, Rodrigo"]
[Black "Vasquez Vasquez, Marielos"]
[Result "1-0"]
[WhiteElo "1795"]
[BlackElo "1624"]
[PlyCount "79"]
[EventDate "2022.05.02"]
[EventType "swiss"]
[EventRounds "11"]
[EventCountry "ESA"]
[SourceTitle "CBM 208 Extra"]
[Source "ChessBase"]
[SourceDate "2022.07.31"]
[SourceVersion "1"]
[SourceVersionDate "2022.07.31"]
[SourceQuality "1"]

1. e4 c5 2. Nf3 Nc6 3. Bb5 g6 4. 0-0 Bg7 5. c3 a6 6. Bxc6 bxc6 7. d4 cxd4 8. cxd4 d5 9. e5 e6 10. Nbd2 Ne7 11. Nb3 0-0 12. Bg5 Rb8 13. Qd2 f6 14. exf6 Bxf6 15. Bxf6 Rxf6 16. Ne5 Qc7 17. Rac1 Rb6 18. Rc3 Rf8 19. Nc5 Nf5 20. g4 Nd6 21. b3 Rb5 22. f3 Nb7 23. Nxa6 Qa5 24. Nb8 c5 25. Nbc6 Qc7 26. Na7 Ra5 27. Nxc8 Rxc8 28. b4 Rb5 29. bxc5 Qg7 30. Re1 Na5 31. a4 Rb7 32. Ra3 Nc6 33. a5 Ra7 34. Nxc6 Rxc6 35. Rb3 Qc7 36. Rb6 Ra6 37. Reb1 Rcxb6 38. Rxb6 Qa7 39. Qb4 Rxb6 40. cxb6 1-0